Statistiche per Inferno e Legge del Contrappasso - Quiz n°1

Clicka qui per fare il quiz!

Statistiche generali

  • Questo quiz è stato fatto 18 volte
  • Il punteggio medio è 4 su 9

Statistiche sulle risposte

HintRisposta% Corretto
Corrono nudi seguendo un'insegna che ruota, punti da vespe e mosconi; il loro sangue misto con le loro lacrime è raccolto da molti vermi.Ignavi
69%
Giacciono in sepolcri infuocati, senza coperchio.
Le tombe verranno sigillate dopo il Giudizio Universale.
Eretici
56%
Giacciono stesi a terra, esposti a pioggia, grandine e neve in un pantano reso maleodorante dalle precipitazioni, mentre il cane a tre teste Cerbero li squarta.Golosi
56%
Immersi nelle acque ghiacciate del fiume Cocito, col viso rivolto all'ingiù.Traditori dei parenti
44%
Sono costretti a camminare coperti di cappe di piombo dentro e dorate fuori.Ipocriti
31%
Sono conficcati in fosse a testa in giù con i piedi in fiamme.Simoniaci
31%
Sono straziati e mutilati a colpi di spada da un diavolo, con ferite che si rimarginano prima di venire di nuovo aperte.Seminatori di discordia
25%
Giacciono sotto una pioggia di fuoco su un sabbione ardente.Violenti contro Dio
25%
Completamente immersi nel ghiaccio e immobilizzati in posizioni grottesche.Traditori dei benefattori
19%

Distribuzione punteggi

Percentile per numero di risposta

Percentuale di utenti per punteggio

I tuoi punteggi nel tempo

Non hai fatto questo quiz